000 00569nam a2200217Ia 4500
005 20250326144152.0
008 250326s9999 xx 000 0 und d
020 _a0-415-34432-8
037 _aTextbook
040 _aFMSL
_beng
_cFMSL
041 _aeng
_2eng
084 _aX:74 P6
_qFMSL
100 _aDavies P
_990943
245 0 _aBusiness economics and enterprises
_cDavies P; Brant J
260 _aNY
_bNY, Routldge
_c2006
300 _a241p
365 _b1697.2889
650 _aEconomics
942 _cTB
_hX:74 P6
999 _c1302639
_d1302639